Obchodní jednání a národní zvyklosti: Alžírsko

Obchodné rokovania a národné zvyklosti. Verbálna a neverbálna komunikácia, vzťahy medzi ľuďmi. Stolovanie. Niektoré osobitosti.

Salvato in:
Dettagli Bibliografici
Autore principale: Lukáš, Jiří
Natura: Capitolo di libro
Lingua:ceco
Soggetti:
Tags: Aggiungi Tag
Nessun Tag, puoi essere il primo ad aggiungerne!!

MARC

LEADER 00000naa$a2200000$$$4500
001 0003298
005 20230908091400.2
041 0 |a cze 
044 |a CZ 
245 1 0 |a Obchodní jednání a národní zvyklosti: Alžírsko  |c aut. Jiří Lukáš 
520 |a Obchodné rokovania a národné zvyklosti. Verbálna a neverbálna komunikácia, vzťahy medzi ľuďmi. Stolovanie. Niektoré osobitosti. 
610 2 0 |a partneri obchodní 
610 2 0 |a rokovania obchodné 
610 2 0 |a zvyklosti obchodné 
610 2 0 |a komunikácia 
610 2 0 |a Alžírsko 
100 1 |a Lukáš, Jiří